Guess the ATEEZ song based off the translated korean lyrics - Statistics

General Stats
  • This quiz has been taken 10 times
  • The average score is 3 of 41
Answer Stats
Hint Answer % Correct
Yeah purr, shaking just like a jet Uh, sprinkle that seasoning from above work
60%
My heart’s exploding, ready to go
No pit stop here, no time for the slow
Burn it all up, this track is my throne
Crossing the limit line, it’s over
adrenaline
40%
Wait wait MATZ
Like allergy, we don’t really fit together
Yeah yeah but on stage
Reacting to that synergy, about to explode
We’re both unleashed
In the midst of repping our year, the year of the tiger
matz
40%
Twinkling over there, this Treasure
I'm handing to you, this Treasure
Everybody is after this Pleasure
It's blinding you more and more, it's crazy
treasure
40%
Let's make a toast like a thunder
Fill in everything
As much as it overflows...
answer
20%
In the city where darkness falls
The lights are
Dancing a dance of chaos
cyberpunk
20%
Tippy toes, you can’t hear me
Into the shadows where I’d be
Pushing the pace, like I’m free
A fleeting glimpse
I don’t pretend, no acting
Even when the darkness falls, I’m just me
No hiding
tippy toes
20%
(hard one first)
Remember your old dreams,
That feeling you’ve forgotten
Recall it now, and head for the future!
Oh yeah
face
20%
Holding your breath, hiding behind a mask Struggling to suppress a reason that feels like it might break, uh ghost
20%
Who are you?
Uh, it's just me, myself and I
Who are you?
Who are you reflected in the mirror?
Who are you?
Behind this road lies expectations within expectations
Where do I stand among the next and future generations?
halazia
20%
Hidden behind a mask
I've noticed a mean smile
Still believing you can deceive me
In a dream, hold your breath and push through it
I know (I know)
I'm chasing after you (I know)
Coming after you
we know
20%
It’s not a lie
Always in a dilemma
Carrying it all alone
Frustration I can’t pull out
Keeping it in my chest, I’ll get through the night
12 midnight
0%
Dance tonight, in this burning night
Queen of the night, star of my eyes
Wake me up with your gaze
Take my soul, take my heart, love is blind
blind
0%
Hold my breath, hold my breath until I collapseI told you, even if I lose my mind, I'll reach the top The higher I go, the harder it is to breathe Colleagues around me also fade away from altitude sickness The cold spachttps://lyricstranslate.com/en/ateez-deep-dive-english deep dive
0%
Don't hesitate
A cake for you Υe ye
You're already falling for it
And struggling Ye ye
Do you feel it? Bittersweet
We'll take you everywhere Ye ye
dont stop
0%
Heaven's door
Is getting farther and farther away
What do I have to be sick for?
Am I one out of countless people why?
Who am I to blame?
I can still hear it, keep your head down
dune
0%
La vida loca engraved in my body
Born crooked, get it?
Everything in the world is boring
I'll ruin it all, hope everyone enjoys it
emergency
0%
No need to, for me it’s ok
I’m sober only my heart heats up more
I will clean you up softly
We don’t need nothing woo no
fireworks
0%
A bullet’s “Bang”
A thorn’s “Pick”
A lightning’s “Pang”
A wind’s “Woosh”
Everything is just a moment baby
Hold on tight to your senses, baby
good lil boy
0%
Rollie on my wrist, Ice on my neck
Heavy and dripping down, make it rain yeah
Draw a line on the name and take the won and dollars
I’ve scattered diamonds with my face engraved on them all over the world
ice on my teeth
0%
f without you
Without you
On a sunny afternoon
I'm hanging like a cat
If without you
Without you
My appetite seems to disappear
if without you
0%
I draw and draw
It’s clear to the end of the line of shadow
I’ll only look forward to the day I see you again
inception
0%
(Oh-oh, oh, oh, oh, oh, oh)
With this card, we’ll win
(Oh-oh, oh, oh, oh, oh, oh)
Shield Over Rare
(Oh-oh, oh, oh, oh, oh, oh)
Tear apart the darkness
This possibility is limitless
limitless
0%
Going through the flames, yeah
The sin of coveting the sun
I don't care even if I turn to ashes, yeah
If it's just for your love, yeah
I would weather any form, yeah
man on fire
0%
If only there, if only there, if only there
There was a different way
Maybe that, maybe that, maybe that
Maybe I didn’t have to be afraid
mist
0%
People’s tears become a river.
Tries to deny everything, oh no.
Now, it should be returned to its place.
By the heat like the volcano.
new world
0%
Hello? I asked myself
Are you still there, where we once were
Growing up unbalanced
While hating the self you became
Where is it? Could it still exist?, yeah
now this house aint a home
0%
You wanna know? I'm on fire
Don't cross the line
Don't intrude
Let's keep it for real
The sound of warning
You're gonna see your terrifier
Feeling right now
Now you feel it's going on
I'll find you, danger, danger
outlaw
0%
Yeah, we go, rush
Trauma past wash
Let's quickly get out swish
I'm a glitch in space
Dark day chaotic night
Swallow to escape
Can't stop me, nobody
paradigm
0%
I get scared sometimes too (Everyday, every night) Maybe I'm weird precious
0%
It ain't over never die
Move your body
You can't fall down
Dance, roll your feet more
Only at our own time
rocky
0%
Hardened stare
We feel like we've gone crazy
At each other, we spit out
Sharp words that can't be washed away
selfish waltz
0%
Those blue bruises
Come back and become a spark
So that nothing stains you
Burn it up far away, oh-oh
silver light
0%
I have something to say.
That's what I wanted to say.
I've been thinking about it all night.
When I thought of you,
I felt sorry a lot.
thank u
0%
What are you talking about?
It’s real pity
It’s not cool at all
You’re like a chuunibyou*
Tight clothes are the prettiest
the leaders
0%
I'll protect you, I'm a defender
Silence the darkness, murder
Our sound is like thunder
On top of the world, we stand again
the ring
0%
Close your eyes, come on, oh boy
Now, can't you see the truth?
You need the darkness to step out of the darkness
this world
0%
Oh, breathing out of tempo
Oh, lost soul
Feel me
In your subconscious
My voice will be resonating, yeah
wake up
0%
Cheers! Cheers!
At this moment, we are under the hot sun,
Go away. Go away.
Don't hesitate.
Don't hesitate.
wave
0%
Ooh yeah
Keep falling into a deep end
Endure it and explore the fear
(Going round and round in desire)
Ooh yeah
It's tangled and twisted, it's dangerous
Across the line, away
It's fading away
wdig
0%
I want to walk with you for a long time.
I want to share more with you.
Only wanna be with you.
with u
0%
No matching quizzes found
Score Distribution
Percent of People with Each Score
Percentile by Number Answered
Your Score History
You have not taken this quiz